00439nam a2200157Ia 4500003000900000008004100009040001600050080002400066100002300090245005800113260003000171300001400201490003100215650001700246650001800263IN-BaIIA211028s9999 xx 000 0 eng d cIIA Library a523.947:520.86bTOD aTodd, Mabel Loomis 0aTotal eclipses of the suncMabel Loomis Todd  aLondonbSampson Lowc1894 axv, 244p. aColumbian knowledge series aEclipses-Sun aTotal eclipse